Del'esclavage chez les nations chretiennes / (Record no. 157157)

MARC details
000 -LEADER
campo de control de longitud fija 00615nam a2200169 i 4500
001 - NÚMERO DE CONTROL
campo de control 157157
003 - IDENTIFICADOR DE NÚMERO DE CONTROL
campo de control ES-MaACL
005 - FECHA Y HORA DE LA ÚLTIMA TRANSACCIÓN
campo de control 20230906210612.0
008 - DATOS DE LONGITUD FIJA--INFORMACIÓN GENERAL
campo de control de longitud fija 040809s1860 fr |||| | fre d
040 ## - FUENTE DE CATALOGACIÓN
Centro catalogador/agencia de origen CAM
Lengua de catalogación spa
Centro/agencia transcriptor CAM
100 1# - ENTRADA PRINCIPAL--NOMBRE DE PERSONA
Nombre de persona Larroue, Patrice.
9 (RLIN) 128709
245 10 - MENCIÓN DEL TÍTULO
Título Del'esclavage chez les nations chretiennes /
Mención de responsabilidad, etc. par Patrice Larroque.
260 ## - PUBLICACIÓN, DISTRIBUCIÓN, ETC.
Lugar de publicación, distribución, etc. Paris :
Nombre del editor, distribuidor, etc. Librairie étrangére de Bohné et Schultz ;
Lugar de publicación, distribución, etc. Bruxelles :
Nombre del editor, distribuidor, etc. Fr. van Meenen et Cie. ;
Lugar de publicación, distribución, etc. Leipsick :
Nombre del editor, distribuidor, etc. Alphonse Durr,
Fecha de publicación, distribución, etc. 1860.
300 ## - DESCRIPCIÓN FÍSICA
Extensión 212 p. ;
Dimensiones 18 cm.
650 #4 - PUNTO DE ACCESO ADICIONAL DE MATERIA--TÉRMINO DE MATERIA
Término de materia o nombre geográfico como elemento de entrada Esclavitud-
Subdivisión general Historia.
9 (RLIN) 12361
852 ## - LOCALIZACIÓN
Ubicación ES-MaACL
Número de control de estantería G-9902
Nota libre -- Enc. hol.
Holdings
Estatus retirado Estado de pérdida Estado de daño No para préstamo Colección Biblioteca de origen Biblioteca actual Ubicación en estantería Fecha de adquisición Total de préstamos Signatura topográfica completa Código de barras Visto por última vez Precio de reemplazo Tipo de ítem Koha
        Libros del s. XIX Biblioteca del Ateneo de Madrid Biblioteca del Ateneo de Madrid Sala Pecera Planta 3 17/01/2008   G-9902 1164433 23/02/2023 23/02/2023 Libro impreso antiguo